Statistics for Top 15 Countries with Covid-19 Deaths - 9 June 2021

Click here to take the quiz!

General Stats

  • This quiz has been taken 11 times
  • The average score is 14 of 24

Answer Stats

total
deaths
country% Correct
127,860United Kingdom
100%
613,492United States
100%
479,791Brazil
82%
90,187Germany
82%
359,695India
82%
126,767Italy
73%
74,363Poland
73%
80,332Spain
73%
110,202France
64%
229,100Mexico
64%
124,895Russia
64%
83,272Argentina
55%
93,473Colombia
55%
Hungary
55%
Bulgaria
45%
Czechia
45%
187,479Peru
45%
Slovakia
45%
Slovenia
45%
Belgium
36%
Bosnia and
Herzegovina
36%
Croatia
36%
81,519Iran
36%
North Macedonia
27%

Score Distribution

Percentile by Number Answered

Percent of People with Each Score

Your Score History

You have not taken this quiz